All minecraft blocks and items - Statistics

General Stats
  • This quiz has been taken 6,378 times
  • The average score is 104 of 442
Answer Stats
hint Answer % Correct
1 stone
87%
3 dirt
86%
2 grass
81%
31:1 Tall grass
81%
264 Diamond
80%
265 Iron ingot
79%
266 Gold ingot
76%
4 cobblestone
75%
8 Flowing water
67%
9 water source
67%
331 Redstone dust
66%
10 Flowing lava
65%
11 Lava source
65%
12 Sand
62%
5 oak wooden plank
61%
355 Bed
60%
26 Bed (block)
60%
263 Coal
60%
35:0-15 Wool
58%
57 Block of diamond
56%
42 Block of iron
55%
276 Diamond sword
55%
49 Obsidian
55%
58 Workbench
54%
0 air
53%
56 Diamond ore
53%
20 Glass
53%
15 Iron ore
53%
267 Iron sword
53%
41 Block of gold
52%
388 Emerald
52%
268 Wooden sword
52%
54 Chest
50%
279 Diamond axe
50%
278 Diamond pickaxe
50%
14 Gold ore
50%
13 Gravel
50%
17 Oak wood log
50%
283 Golden sword
49%
87 Netherrack
49%
7 bedrock
48%
293 Diamond hoe
48%
257 Iron pickaxe
48%
271 Wooden axe
48%
270 Wooden pickaxe
48%
5:2 birch wooden plank
47%
61 Furnace
47%
258 Iron axe
47%
280 Stick
47%
50 Torch
47%
285 Golden pickaxe
46%
292 Iron hoe
46%
152 Block of redstone
45%
45 | 336 Brick
45%
391 Carrot
45%
141 Carrot (crop)
45%
277 Diamond shovel
45%
286 Golden axe
45%
334 Leather
45%
290 Wooden hoe
45%
340 Book
44%
310 Diamond helmet
44%
294 Golden hoe
44%
306 Iron helmet
44%
256 Iron shovel
44%
269 Wooden shovel
44%
1:5 andesite
43%
325 Bucket
43%
313 Diamond boots
43%
311 Diamond chestplate
43%
309 Iron boots
43%
272 Stone sword
43%
261 Bow
42%
5:5 dark oak wooden plank
42%
1:3 diorite
42%
193-197 Door
42%
307 Iron chestplate
42%
351:4 Lapis lazuli
42%
5:1 spruce wooden plank
42%
284 Golden shovel
41%
1:1 granite
41%
274 Stone pickaxe
41%
173 Block of coal
40%
16 Coal ore
40%
162:1 Dark oak wood
40%
314 Golden helmet
40%
24 Sandstone
40%
275 Stone axe
40%
17:2 Birch wood log
39%
188-192 Fence
39%
85 Oak wood fence
39%
392 Potato
39%
142 Potatoes (crop)
39%
73 Redstone ore
39%
74 Redstone ore (glowing)
39%
260 Apple
38%
352 Bone
38%
317 Golden boots
38%
315 Golden chestplate
38%
5:3 jungle wooden plank
38%
38 Poppy
38%
98 Stone bricks
38%
291 Stone hoe
38%
296 Wheat
38%
59 Wheat (crop)
38%
82 Clay block
37%
318 Flint
37%
327 Lava bucket
37%
18 oak leaves
37%
17:1 Spruce wood log
37%
273 Stone shovel
37%
162 Acacia wood
36%
5:4 acacia wooden plank
36%
262 Arrow
36%
133 Block of emerald
36%
121 End stone
36%
112 Nether brick
36%
405 Nether brick (item)
36%
301 Leather boots
35%
298 Leather helmet
35%
86 Pumpkin
35%
326 Water Bucket
35%
53 Oak wooden stairs
34%
349 Raw fish
34%
344 Egg
33%
129 Emerald Ore
33%
116 Enchanting table
33%
299 Leather chestplate
33%
364 Steak
33%
47 Bookshelf
32%
89 Glowstone
32%
322 Golden apple
32%
17:3 Jungle wood log
32%
76 Redstone torch
32%
75 Redstone torch (off)
32%
368 Ender pearl
31%
18:2 birch leaves
30%
312 Diamond leggings
30%
51 Fire
30%
308 Iron leggings
30%
48 Moss stone
30%
373:xxxxx Potion
30%
175:4 Rose bush
30%
287 String
30%
369 Blaze rod
29%
316 Golden leggings
28%
21 Lapis Lazuli ore
28%
103 Melon (block)
28%
360 Melon (slice)
28%
52 Mob spawner
28%
353 Sugar
28%
295 Wheat seeds
28%
354 Cake
27%
92 Cake (block)
27%
259 Flint and steel
27%
102 Glass pane
27%
22 Lapis lazuli block
27%
335 Milk bucket
27%
1:6 polished andesite
27%
1:4 polished diorite
27%
367 Rotten flesh
27%
44 Single slab
27%
78 Snow layer
27%
161:1 Dark oak leaves
26%
289 Gunpowder
26%
300 Leather leggings
26%
33 Piston
26%
34 Piston head
26%
36 Piston (moving)
26%
1:2 polished granite
26%
88 Soul sand
26%
18:1 spruce leaves
26%
46 TNT
26%
96 trapdoor
26%
145:0-2 Anvil
25%
135 Birch wooden stairs
25%
297 Bread
25%
330 Iron door
25%
71 Iron door (block)
25%
18:3 jungle leaves
25%
328 Minecart
25%
66 Rail
25%
375 Spider eye
25%
338 Sugar cane
25%
83 Sugar cane (block)
25%
356 Redstone repeater
24%
161 Acacia leaves
23%
374 Glass bottle
23%
164 dark oak wooden stairs
22%
381 Eye of ender
22%
6 oak sapling
22%
12:1 Red sand
22%
134 Spruce wooden stairs
22%
77 Stone button
22%
333 Boat
21%
81 Cactus
21%
351:5-10&12-14 Dye
21%
346 Fishing rod
21%
397:0-4 Head
21%
69 Lever
21%
322:1 Enchanted golden apple
20%
119 End Portal
20%
136 Jungle wooden stairs
20%
363 Raw beef
20%
29 Sticky piston
20%
163 Acacia wooden stairs
19%
138 Beacon
19%
351:15 Bone meal
19%
379 Brewing stand
19%
117 Brewing stand (block)
19%
171:0-15 Carpet
19%
37 Dandelion
19%
130 Ender chest
19%
396 golden carrot
19%
155 Quartz block
19%
365 Raw chicken
19%
165 Slime block
19%
2263 stal
19%
143 Wooden button
19%
6:2 birch sapling
18%
366 Cooked chicken
18%
288 Feather
18%
101 Iron bars
18%
153 Nether quartz ore
18%
319 Raw Porkchop
18%
40 Red mushroom
18%
100 Red mushroom (block)
18%
341 Slimeball
18%
31 Tall grass (dead shrub)
18%
166 Barrier
17%
377 Blaze powder
17%
39 Brown mushroom
17%
99 Brown mushroom (block)
17%
305 Chainmail boots
17%
303 Chainmail chestplate
17%
302 Chainmail helmet
17%
263:1 Charcoal
17%
67 Cobblestone stairs
17%
137 Command block
17%
6:5 dark oak sapling
17%
23 Dispenser
17%
122 Dragon egg
17%
403 Enchanted book
17%
107 fence gate
17%
371 Gold nugget
17%
79 Ice
17%
65 Ladder
17%
27 Powered rail
17%
6:1 spruce sapling
17%
175:2 tallgrass
17%
146 Trapped chest
17%
304 Chainmail leggings
16%
154 Hopper
16%
6:3 jungle sapling
16%
339 Paper
16%
106 Vines
16%
6:4 acacia sapling
15%
2257 cat
15%
3:2 podzol
15%
404 Redstone comparator
15%
149 Redstone comparator (off)
15%
150 Redstone comparator (on)
15%
158 Dropper
14%
183-187 Fence gate
14%
370 Ghast tear
14%
144:0-4 Head
14%
329 Saddle
14%
19 Sponge
14%
428 Birch wooden door
13%
380 Cauldron
13%
118 Cauldron (block)
13%
30 Cobweb
13%
357 Cookie
13%
431 Dark oak wooden door
13%
2260 far
13%
389 Item frame
13%
113 Nether brick fence
13%
372 Nether wart
13%
115 Nether wart (block)
13%
90 Portal
13%
168 Prismarine
13%
179 Red sandstone
13%
323 Sign
13%
63 Sign (block)
13%
68 Sign (wall block)
13%
332 Snowball
13%
383:xx Spawn egg
13%
70 stone pressure plate
13%
72 wooden pressure plate
13%
430 Acacia wooden door
12%
393 Baked potato
12%
351 Ink sack
12%
98:1 Mossy stone bricks
12%
282 Mushroom stew
12%
110 Mycelium
12%
406 Nether quartz
12%
361 Pumpkin seeds
12%
359 Shears
12%
80 Snow Block
12%
427 Spruce wooden door
12%
95:0-15 Stained glass
12%
148 Weighted pressure plate (heavy)
12%
147 Weighted pressure plate (light)
12%
350 Cooked fish
11%
167 Iron trapdoor
11%
429 Jungle wooden door
11%
111 Lily pad
11%
362 Melon seeds
11%
321 Painting
11%
423 Raw mutton
11%
175 sunflower
11%
132 Tripwire
11%
347 Watch
11%
373 Water bottle
11%
281 Bowl
10%
139 Cobblestone wall
10%
351:3 Cocoa bean
10%
345 Compass
10%
424 Cooked mutton
10%
120 End Portal Frame
10%
390 Flower pot
10%
140 Flower pot (block)
10%
348 Glowstone dust
10%
170 Hay bale
10%
91 Jack-o-lantern
10%
84 Jukebox
10%
175:3 large fern
10%
420 Lead
10%
358 Map
10%
399 Nether star
10%
38:8 Oxeye daisy
10%
349:3 Pufferfish
10%
123 Redstone lamp
10%
124 Redstone lamp (on)
10%
24:2 Smooth sandstone
10%
416 Armor stand
9%
425:0-15 Banner
9%
24:1 Chiseled sandstone
9%
98:2 Cracked stone bricks
9%
60 Farmland
9%
376 Fermented spider eye
9%
378 Magma cream
9%
25 Note block
9%
400 Pumpkin pie
9%
38:4 Red tulip
9%
176 Standing banner (block)
9%
109 Stone brick stairs
9%
31:2 Tall grass (fern)
9%
177 Wall banner (block)
9%
19:1 Wet Sponge
9%
126 Wood slab
9%
2266 11
8%
2256 13
8%
114 Nether brick stairs
8%
38:5 Orange tulip
8%
93 Redstone Repeater (off)
8%
94 Redstone repeater (on)
8%
157 Activator rail
7%
2258 blocks
7%
108 Brick stairs
7%
28 Detector rail
7%
419 Diamond horse armor
7%
174 Packed ice
7%
38:7 Pink tulip
7%
414 Rabbit's foot
7%
128 Sandstone stairs
7%
169 Sea lantern
7%
38:6 White tulip
7%
386 Book and quill
6%
98:3 Chiseled stone brick
6%
412 Cooked rabbit
6%
350:1 Cooked salmon
6%
3:1 course dirt
6%
168:2 Dark prismarine
6%
418 Gold horse armor
6%
417 Iron horse armor
6%
175:1 lilac
6%
175:5 Peony
6%
155:2 Pillar quartz block
6%
394 Poisonous potato
6%
413 Rabbit stew
6%
411 Raw rabbit
6%
38:1 Blue orchid
5%
398 Carrot on a stick
5%
151 Daylight sensor
5%
172 Hardened clay
5%
178 Inverted daylight sensor
5%
105 Melon Stem
5%
421 Name tag
5%
104 Pumpkin Stem
5%
156 Quartz stairs
5%
349:1 Raw salmon
5%
2265 ward
5%
324 Wooden door
5%
64 Wooden door (block)
5%
38:2 Allium
4%
38:3 Azure bluet
4%
155:1 Chiseled quartz block
4%
179:1 Chiseled red sandstone
4%
337 Clay ball
4%
43 Doubleslab
4%
385 Fire charge
4%
2261 mall
4%
2262 mellohi
4%
97:0-5 Monster egg
4%
343 Powered minecart
4%
168:1 Prismarine bricks
4%
409 Prismarine shard
4%
415 Rabbit hide
4%
160:0-15 Stained glass pane
4%
384 Bottle of enchanting
3%
2259 chirp
3%
32 Dead shrub
3%
382 Glistering melon
3%
408 Hopper minecart
3%
139:1 Mossy cobblestone wall
3%
180 red sandstone stairs
3%
55 Redstone wire
3%
179:2 Smooth red sandstone
3%
159:0-15 Stained clay
3%
407 TNT minecart
3%
131 Tripwire hook
3%
125 Wood doubleslab
3%
351:2 Cactus green
2%
349:2 Clownfish
2%
320 Coocked Porkchop
2%
395 Empty map
2%
401 Firework rocket
2%
62 Furnace (smelting)
2%
351:1 Rose red
2%
2264 strad
2%
2267 wait
2%
127 Cacoa plant
1%
422 Command block minecart
1%
351:11 Dandelion yellow
1%
402 Firework star
1%
410 Prismarine crystals
1%
182 red sandstone slab
1%
181 red sandstone slab (double)
1%
342 Storage minecart
1%
387 Written book
1%
No matching quizzes found
Score Distribution
Percent of People with Each Score
Percentile by Number Answered
Your Score History
You have not taken this quiz